Možnosti prístupu k úverovým zdrojom v krajinách V4 podľa hodnotenia Svetovej banky v rokoch 2005-2009

Saved in:
Bibliographic Details
Main Author: Demjanová, Lucia, 1981-
Format: Book Chapter
Language:Slovak
Tags: Add Tag
No Tags, Be the first to tag this record!

MARC

LEADER 00000nla$a2200000$$$4500
001 0122417
005 20240502072402.2
041 0 |a slo 
044 |a SK 
245 1 0 |a Možnosti prístupu k úverovým zdrojom v krajinách V4 podľa hodnotenia Svetovej banky v rokoch 2005-2009  |c Lucia Demjanová 
100 1 |a Demjanová, Lucia, 1981-